1030 1754 1348 1735 1245 1596 1078 1279 1670 1375 1942 1659 1311 1920 1069 1628 1551 1277 1920 1306 1816 1068 1141 1093 1590 1810 1715 1214 1753 1518 1897 1923 1527 1347 1212 1612 1555 1922 1026 1508 1485 1148 1786 1225 1498 1361 1890 1842 1484 1864 1842 1724 1154 1092 1662 1798 1919 1345 1310 1243 1314 1201 1889 1620 1231 1069 1959 1468 1439 1293 1161 1247 1037 1784 1163 1155 1631 1682 1399 1893 1786 1703 1755 1856 1732 1295 1240 1973 1134 1625 1783 1776 1136 1934 1759 1166 1788 1288 1041 BCNSPRNW ULIB Ver.6.0+V

เปลี่ยนเป็นภาษาไทย

Change to English
 แสดงรายละเอียดบรรณานุกรม
  กลับหน้าหลัก

Brief Record : Get Marc (ISO 2709) : E-mail record : QR code < ปิดหน้าต่าง
LEADER : 00000nam 2200000uu 4500
001    13399125754
003     ULIB
008    170830s2559||||th 000 0 tha d
020    ^a9786162799112
060 04 ^aWM34^bต367 2559
245 00 ^aตำราพฤติกรรมศาสตร์ทางการแพทย์ /^cมาโนช หล่อตระกูล, ธนิตา ตันตระรุ่งโรจน์,นิดา ลิ้มสุวรรณ, บรรณาธิการ
250    ^aฉบับเรียบเรียงครั้งที่ 2
260    ^aกรุงเทพฯ :^bภาควิชาจิตเวชศาสตร์ คณะแพทยศาสตร์โรงพยาบาลรามาธิบดี มหาวิทยาลัยมหิดล,^c2559, [2016]
300    ^aix, 181 หน้า :^bภาพประกอบ ;^c21 ซม.
505 0  ^a--ทฤษฎีเกี่ยวกับบุคลิกภาพ --พัฒนาการตลอดช่วงชีวิตมนุษย์: วัยเด็กและวัยรุ่น --พัฒนาการตลอดช่วงชีวิตมนุษย์: วัยผู้ใหญ่และวัยสูงอายุ --สมองและพฤติกรรม --สารส่งผ่านประสาทและพฤติกรรม --ความเครียดและการปรับตัว --การใช้สารออกฤทธิ์ต่อจิตประสาท --พฤติกรรมเสี่ยง
505 0  ^a--ความผิดปกติทางจิตเวช (1) --ความผิดปกติทางจิตเวช (2) --การรักษาทางจิตเวช --พฤติกรรมสุขภาพและพฤติกรรมการเจ็บป่วย -- ความเจ็บป่วยและครอบครัว --การสัมภาษณ์ทางเวชปฏิบัติ --เวชจริยศาสตร์ --สติในเวชปฏิบัติ
650  4 ^aพฤติกรรมศาสตร์
700 0  ^aมาโนช หล่อตระกูล,^eบรรณาธิการ
700 0  ^aธนิตา ตันตระรุ่งโรจน์,^eบรรณาธิการ
700 0  ^aนิดา ลิ้มสุวรรณ,^eบรรณาธิการ
710 2  ^aมหาวิทยาลัยมหิดล^bคณะแพทยศาสตร์โรงพยาบาลรามาธิบดี^bภาควิชาจิตเวชศาสตร์
945    ^p0^l0^i003056
945    ^p0^l0^i003057
945    ^p0^l0^i003058
945    ^p0^l0^i003059
945    ^p0^l0^i003060
945    ^p0^l0^i003061
945    ^p0^l0^i003062
945    ^p0^l0^i003063
945    ^p0^l0^i003064
945    ^p0^l0^i003065
999    ^aประนอม เกษจรัล
รายการนี้ยังไม่มีแท็ก
คุณยังไม่ได้ล็อกอิน คุณสามารถมีกิจกรรมร่วมกับเว็บไซต์ได้ แต่ต้องล็อกอินก่อน ::
  ล็อกอิน

รายการสื่อสารสนเทศ

ลำดับที่ ประเภท เลขเรียก/บาร์โค้ด สถานที่ สถานะ
1. วิทยาศาสตร์การแพทย์ และสุขภาพ
วิทยาศาสตร์การแพทย์ และสุขภาพ
สถานะ=หนังสือเก่า
WM34 ต367 2559 ฉ.1 
  Barcode: 003056
ห้องสมุดวิทยาเขตสวรรค์ประชารักษ์
►ส่วนจัดเก็บหนังสือเก่า สปร
บนชั้น
  ขอยืม
2. วิทยาศาสตร์การแพทย์ และสุขภาพ
วิทยาศาสตร์การแพทย์ และสุขภาพ
สถานะ=หนังสือเก่า
WM34 ต367 2559 ฉ.10 
  Barcode: 003065
ห้องสมุดวิทยาเขตสวรรค์ประชารักษ์
►ส่วนจัดเก็บหนังสือเก่า สปร
บนชั้น
  ขอยืม
3. วิทยาศาสตร์การแพทย์ และสุขภาพ
วิทยาศาสตร์การแพทย์ และสุขภาพ
สถานะ=หนังสือเก่า
WM34 ต367 2559 ฉ.2 
  Barcode: 003057
ห้องสมุดวิทยาเขตสวรรค์ประชารักษ์
►ส่วนจัดเก็บหนังสือเก่า สปร
บนชั้น
  ขอยืม
4. วิทยาศาสตร์การแพทย์ และสุขภาพ
วิทยาศาสตร์การแพทย์ และสุขภาพ
สถานะ=หนังสือเก่า
WM34 ต367 2559 ฉ.3 
  Barcode: 003058
ห้องสมุดวิทยาเขตสวรรค์ประชารักษ์
►ส่วนจัดเก็บหนังสือเก่า สปร
บนชั้น
  ขอยืม
5. วิทยาศาสตร์การแพทย์ และสุขภาพ
วิทยาศาสตร์การแพทย์ และสุขภาพ
สถานะ=หนังสือเก่า
WM34 ต367 2559 ฉ.4 
  Barcode: 003059
ห้องสมุดวิทยาเขตสวรรค์ประชารักษ์
►ส่วนจัดเก็บหนังสือเก่า สปร
บนชั้น
  ขอยืม
6. วิทยาศาสตร์การแพทย์ และสุขภาพ
วิทยาศาสตร์การแพทย์ และสุขภาพ
สถานะ=หนังสือเก่า
WM34 ต367 2559 ฉ.5 
  Barcode: 003060
ห้องสมุดวิทยาเขตสวรรค์ประชารักษ์
►ส่วนจัดเก็บหนังสือเก่า สปร
บนชั้น
  ขอยืม
7. วิทยาศาสตร์การแพทย์ และสุขภาพ
วิทยาศาสตร์การแพทย์ และสุขภาพ
สถานะ=หนังสือเก่า
WM34 ต367 2559 ฉ.6 
  Barcode: 003061
ห้องสมุดวิทยาเขตสวรรค์ประชารักษ์
►ส่วนจัดเก็บหนังสือเก่า สปร
บนชั้น
  ขอยืม
8. วิทยาศาสตร์การแพทย์ และสุขภาพ
วิทยาศาสตร์การแพทย์ และสุขภาพ
สถานะ=หนังสือเก่า
WM34 ต367 2559 ฉ.7 
  Barcode: 003062
ห้องสมุดวิทยาเขตสวรรค์ประชารักษ์
►ส่วนจัดเก็บหนังสือเก่า สปร
บนชั้น
  ขอยืม
9. วิทยาศาสตร์การแพทย์ และสุขภาพ
วิทยาศาสตร์การแพทย์ และสุขภาพ
สถานะ=หนังสือเก่า
WM34 ต367 2559 ฉ.8 
  Barcode: 003063
ห้องสมุดวิทยาเขตสวรรค์ประชารักษ์
►ส่วนจัดเก็บหนังสือเก่า สปร
บนชั้น
  ขอยืม
10. วิทยาศาสตร์การแพทย์ และสุขภาพ
วิทยาศาสตร์การแพทย์ และสุขภาพ
สถานะ=หนังสือเก่า
WM34 ต367 2559 ฉ.9 
  Barcode: 003064
ห้องสมุดวิทยาเขตสวรรค์ประชารักษ์
►ส่วนจัดเก็บหนังสือเก่า สปร
บนชั้น
  ขอยืม

รายการใกล้เคียง
    หัวเรื่อง [พฤติกรรมศาสตร์]

BibComment


ยังไม่เคยถูกคอมเมนท์

คอมเมนท์ทรัพยากรรายการนี้
  คอมเมนท์: ตำราพฤติกรรมศาสต..


 Copyright 2026. Bcnsprnw @Library